| 000 | 00479nam a22001817a 4500 | ||
|---|---|---|---|
| 003 | BDDh-ASL | ||
| 005 | 20231015031048.0 | ||
| 008 | 221219s1884 u ||||| |||| 00| 0 a d | ||
| 040 |
_aBDDh-ASL _cBDDh-ASL |
||
| 041 | _aara | ||
| 082 |
_a297 _bHIS |
||
| 100 | 1 |
_aHisham, Ibn _96787 |
|
| 245 | 1 | 0 | _aSīratun Nabī : / سيرة النبى |
| 260 |
_aEgypt : _bMatbatrul Misriya , _c1884/1306 H. |
||
| 300 |
_a485 p. : _c20 cm. |
||
| 650 | 0 |
_aSirat _95549 |
|
| 942 |
_2ddc _cBK |
||
| 999 |
_c29729 _d29729 |
||